Statistiques concernant Compte à rebours de 50 en 15 secondes

Cliquez ici pour prendre le quiz!

Statistiques générales

  • Ce quiz a été pris 303 fois
  • Le résultat moyen est 19 sur 50

Statistiques - réponses

Number% Correct
50
100%
49
93%
48
91%
47
89%
46
88%
45
86%
44
85%
43
82%
42
79%
41
78%
40
75%
39
70%
38
69%
37
68%
36
67%
35
64%
34
63%
33
59%
32
57%
31
53%
30
46%
29
39%
28
36%
27
34%
26
29%
25
27%
24
26%
23
24%
22
20%
21
16%
20
11%
19
9%
18
8%
16
7%
17
7%
15
6%
14
4%
1
2%
12
2%
13
2%
10
1%
11
1%
2
1%
3
1%
4
1%
5
1%
6
1%
7
1%
8
1%
9
1%

Distribution des résultats

Percentile par nombre de réponses

% des personnes avec chaque résultat

Votre développement - résultats

Vous n’avez pas pris ce quiz